La noción de medio ambiente en biología dinámica / (Record no. 122060)

MARC details
000 -LEADER
campo de control de longitud fija 00731nam a2200205 i 4500
001 - NÚMERO DE CONTROL
campo de control 122060
003 - IDENTIFICADOR DE NÚMERO DE CONTROL
campo de control ES-MaACL
005 - FECHA Y HORA DE LA ÚLTIMA TRANSACCIÓN
campo de control 20250814011832.0
007 - CAMPO FIJO DE DESCRIPCIÓN FÍSICA--INFORMACIÓN GENERAL
campo de control de longitud fija t|
008 - DATOS DE LONGITUD FIJA--INFORMACIÓN GENERAL
campo de control de longitud fija 070214s1918 sp r ||||1| spa d
100 1# - ENTRADA PRINCIPAL--NOMBRE DE PERSONA
Nombre de persona Potó, Mariano.
9 (RLIN) 93379
245 13 - MENCIÓN DEL TÍTULO
Título La noción de medio ambiente en biología dinámica /
Mención de responsabilidad, etc. Mariano Potó.
260 ## - PUBLICACIÓN, DISTRIBUCIÓN, ETC.
Lugar de publicación, distribución, etc. San Sebastián :
Nombre del editor, distribuidor, etc. Sociedad de Oceanografía de Guipúzcoa,
Fecha de publicación, distribución, etc. 1918.
300 ## - DESCRIPCIÓN FÍSICA
Extensión 14 p. ;
Dimensiones 25 cm.
500 ## - NOTA GENERAL
Nota general Publicado en el Boletín de la Sociedad de Oceanografía de Guipúzcoa, suplemento nº 5, enero-marzo 1918.
650 07 - PUNTO DE ACCESO ADICIONAL DE MATERIA--TÉRMINO DE MATERIA
Término de materia o nombre geográfico como elemento de entrada Biología
Fuente del encabezamiento o término embne
9 (RLIN) 10580
710 2# - ENTRADA AGREGADA--NOMBRE DE ENTIDAD CORPORATIVA
Nombre de entidad corporativa o nombre de jurisdicción como elemento de entrada Sociedad de Oceanografía de Gipuzkoa.
9 (RLIN) 151725
852 ## - LOCALIZACIÓN
Ubicación ES-MaACL
Número de control de estantería 1558-F-10
Holdings
Estatus retirado Estado de pérdida Estado de daño No para préstamo Colección Biblioteca de origen Biblioteca actual Ubicación en estantería Fecha de adquisición Fuente de adquisición Total de préstamos Signatura topográfica completa Código de barras Visto por última vez Precio de reemplazo Tipo de ítem Koha
        Colección de folletos Biblioteca del Ateneo de Madrid Biblioteca del Ateneo de Madrid Depósito folletos 17/01/2008     1558-F-10 1127199 23/02/2023 23/02/2023 Folleto